00942nam a2200241 a 4500001001000000005001700010041000800027044000700035084002000042100003600062245005800098260003500156300001700191500017900208500004100387500001100428546002400439650005200463650005600515650003400571650004500605740005000650BRCA_345720190320204307.0 ager agw a746b.H33c18581 aHackländer, Friedrich Wilhelm10aDer Neue Don QuixotecFriedrich Wilhelm Hackländer. aStuttgartbAdolph Krabbec1858 a5 v.c19 cm. aEs un viaje por España, en especial por Castilla, descrito con mucha fantasía por el autor, en el cual se notan reminiscencias del libro cervantino. Tela Lúdovik Osterc aEstado físico : Firma en la guarda aQMB104 aTexto en : alemán14aNovela españolayÉpoca clásica, 1500-170014aLiteratura españolayÉpoca clásica, 1500-170014aNovela españolaySiglo XVII14aDon Quijote (Personaje ficticio)eNovela0 aEl Ingenioso Hidalgo Don Quijote de la Mancha